Lincoln papers in resource management.

Saved in:
Bibliographic Details
Corporate Author: Tussock Grasslands and Mountain Lands Institute
Format: Serial
Language:English
Published: Canterbury, N.Z. : Tussock Grasslands and Mountain Lands Institute, Lincoln College, 1971-1986.
Subjects:
LEADER 01140cas a2200313 a 4500
001 c000266543
003 CARM
005 20070808112733.0
008 801211d19711986nz uu m 0 a0eng d
010 |a sf 82001005 
019 1 |a 2372938  |5 LACONCORD2021 
035 |a (OCoLC)7026791  |5 LACONCORD2021 
040 |a LC  |b eng  |c LC  |d LC 
042 |a lc 
050 0 0 |a UNC 
070 0 |a TD1  |b .L55 
082 0 4 |a 333.7/3 
245 0 0 |a Lincoln papers in resource management. 
260 |a Canterbury, N.Z. :  |b Tussock Grasslands and Mountain Lands Institute, Lincoln College,  |c 1971-1986. 
300 |a 12 v. :  |b ill. ;  |c 26 cm. 
362 0 |a No. 1- no. 12 
650 0 |a Conservation of natural resources  |z New Zealand. 
650 0 |a Conservation of natural resources  |z New Zealand  |x Management. 
710 2 |a Tussock Grasslands and Mountain Lands Institute. 
852 8 |b CARM  |h A1:AN07C0  |i F02548  |p 0375888  |f SE 
866 0 |a 3(1972) 
866 0 |a 3(1972) 
999 f f |i c9fea099-7444-5cc8-a654-7df7e296e918  |s b4ca7372-65d3-5b12-bcc1-69cea15e86bd 
952 f f |p Can circulate  |a CAVAL  |b CAVAL  |c CAVAL  |d CARM 1 Store  |e F02548  |f A1:AN07C0  |h Other scheme  |i book  |k 3(1972)  |m 0375888